000 00467nam a2200181Ia 4500
001 16813
005 20260306170338.0
008 260306t2001||||xx |||||||||||||| ||und||
041 _aESP
082 _a657
_bZ32 T. 1
100 _aZans Arimana, Walter
_eAUT
245 0 _aContabilidad I:
_bconcordante con el plan contable general revisado
260 _c2001
300 _a238 páginas :
_c21 cm.
650 _aGEN
654 _aCCO
942 _cLIB
_dJUS
_fJUS
_2ddc
_n
999 _c16813
_d16813